Memory Test - Sudden Death (Extreme!) - Statistics

General Stats
  • This quiz has been taken 13,771 times
  • The average score is 13 of 35
Answers on the Grid
Answers color-coded by a green-red scale on the quiz's grid according to % correct below.
 
Answer Stats
Answer % Correct
38%
37%
37%
37%
37%
37%
37%
37%
36%
36%
36%
36%
36%
36%
36%
36%
36%
36%
36%
36%
36%
36%
36%
36%
36%
36%
35%
35%
35%
35%
35%
35%
35%
35%
34%
No matching quizzes found
Score Distribution
Percent of People with Each Score
Percentile by Number Answered
Your Score History
You have not taken this quiz